000 00282nam a22001337a 4500
008 170602b xxu||||| |||| 00| 0 eng d
020 _a0887383920
041 _aeng
080 _a94(100)
100 _a17
101 _aSHH
245 _aAFTER THE WARS
_cLAKE,A
942 _2udc
_cBK
999 _c15718
_d15718